Organometallic chemistry : an overview /

Bibliographic Details
Main Author: Thayer, John S.
Format: Book
Language:English
Published: New York, NY : VCH Publishers, [1988]
Subjects:

MARC

Tag First Indicator Second Indicator Subfields
LEADER 00000cam a22000008a 4500
001 in00000033285
005 20151007060547.0
008 870808s1988 nyua b 00110 eng
010 |a  87021654  
020 |a 0895731215 
035 |a (OCoLC)16525587 
035 |9 AAC1140AM 
040 |a DLC  |c DLC  |d TXA  |d UtOrBLW 
049 |a TXAM  |c [A12634545] 
050 0 0 |a QD411  |b .T47 1987 
050 4 |a QD411  |b .T47 1988 
082 0 |a 547/.05  |2 19 
100 1 |a Thayer, John S. 
245 1 0 |a Organometallic chemistry :  |b an overview /  |c John S. Thayer. 
264 1 |a New York, NY :  |b VCH Publishers,  |c [1988] 
264 4 |c ©1988 
300 |a xi, 170 pages :  |b illustrations 
336 |a text  |b txt  |2 rdacontent 
337 |a unmediated  |b n  |2 rdamedia 
338 |a volume  |b nc  |2 rdacarrier 
500 |a Includes bibliographies and indexes. 
650 0 |a Organometallic chemistry. 
999 |a MARS 
999 f f |s a0856192-c66c-3efa-aaac-7bf91adb02d2  |i 77251a66-c115-35cc-a4e4-efc5211bd869  |t 0 
952 f f |p ric  |a Texas A&M University  |b Rellis Campus  |c Joint Library Facility  |d Remote Storage  |t 0  |e QD411 .T47 1988  |h Library of Congress classification  |i unmediated -- volume  |m A14812634545 
998 f f |a QD411 .T47 1988  |t 0  |l Remote Storage